|
|
|
|
| LEADER |
00713nab a2200193 i 4500 |
| 001 |
acta50396 |
| 005 |
20250324130503.0 |
| 008 |
180704s1946 hu o 000 hun d |
| 040 |
|
|
|a SZTE Egyetemi Kiadványok Repozitórium
|b hun
|
| 041 |
|
|
|a hun
|
| 100 |
1 |
|
|a Balogh Béla
|
| 245 |
1 |
0 |
|a Embertani vizsgálatok a Nagykunságban
|h [elektronikus dokumentum] /
|c Balogh Béla
|
| 260 |
|
|
|c 1946
|
| 300 |
|
|
|a 201-212
|
| 490 |
0 |
|
|a Az Alföldi Tudományos Intézet évkönyve
|
| 650 |
|
4 |
|a Társadalomtudományok
|
| 650 |
|
4 |
|a Szociológia
|
| 695 |
|
|
|a Embertan - Magyarország - regionális, Karakter - nemzeti - magyar, Nagykunság
|
| 856 |
4 |
0 |
|u http://acta.bibl.u-szeged.hu/50396/1/alfoldi_tud_001_201-212.pdf
|z Dokumentum-elérés
|